| 000 | nam a22 7a 4500 | ||
|---|---|---|---|
| 999 |
_c332323 _d332323 |
||
| 003 | NUST | ||
| 005 | 20171123154737.0 | ||
| 008 | 171123b xxu||||| |||| 00| 0 eng d | ||
| 020 | _a0711009295 | ||
| 040 | _c0 | ||
| 082 | _a954.9045 FRI | ||
| 100 |
_aFricker,John _96756 |
||
| 245 |
_aBattle for Pakistan The air War of 1965 _cJohn Fricker |
||
| 260 |
_aLondon _bIAN Allan LTD _c1979. |
||
| 300 | _a192p. | ||
| 500 | _aH.B | ||
| 942 |
_2ddc _cBK _kIESE |
||